000 01678cam a22003617a 4500
999 _c9637
_d9637
001 9637
003 BD-JhCC
005 20180321163552.0
008 180321s2007 nyuab 001 0 eng
020 _a9781405306331 (hardcover)
020 _a1405306335 (hardcover)
020 _a9780756631536
020 _a075663153X
035 _a(OCoLC)ocn137313365
_a(BD-JhCC)9637
040 _aUKM
_cUKM
_dBTCTA
_dIEF
_dBAKER
_dYDXCP
_dCPL
_dQBX
_dUPZ
_dDLC
_dBD-JhCC
041 _aeng
050 0 0 _aQL673
_b.N28 2007
082 0 4 _a598
_222
245 1 0 _aBird :
_bthe definitive visual guide /
_cAudubon ; [senior editor, Peter Frances ; contributors, BirdLife International, David Burnie].
250 _a1st American ed.
260 _aNew York :
_bDK Pub.,
_c2007.
300 _a512 p. :
_bcol. ill., col. maps ;
_c31 cm. +
_e1 sound disc (digital ; 4 3/4 in.)
500 _aIncludes index.
520 _aThis visual guide to every bird order and family profiles more than 1,500 species, photographed in their native environment by photographers around the globe. Authoritative, comprehensive, and completely up to date, this reference volume of the world's birds illustrates the full range of birds, bird behavior, and bird-watching locations organized in taxonomic order with detailed introductions to every bird order. Features special double-pages on the most spectacular birds and an audio CD of bird songs and calls.
650 0 _aBirds
_vIdentification.
650 0 _aBirds
_vPictorial works.
700 1 _aFrances, Peter.
700 1 _aBurnie, David.
710 2 _aNational Audubon Society.
710 2 _aBirdLife International.
942 _2ddc
_cBK